000 00429nam a2200193Ia 4500
005 20240823054252.0
008 240823s9999||||xx |||||||||||||| ||und||
020 _a978-81-8495-549-1
041 _aTAMIL
082 _A248.48933 Q5
100 _aRyuho Okawa
245 4 _aThe Laws of Success
250 _a1st
260 _c2015
_bJaico
500 _aYES
650 _aGeneral
_bGeneral
942 _cBK
999 _c226064
_d226064